Niyojita parivāra: (Record no. 64490)

MARC details
000 -LEADER
fixed length control field 00623cam a22002171 4500
001 - CONTROL NUMBER
control field sa 65005994
003 - CONTROL NUMBER IDENTIFIER
control field DLC
005 - DATE AND TIME OF LATEST TRANSACTION
control field 20260227112140.0
008 - FIXED-LENGTH DATA ELEMENTS--GENERAL INFORMATION
fixed length control field 890509s1964 ii 000 0 hino
010 ## - LIBRARY OF CONGRESS CONTROL NUMBER
LC control number sa 65005994
035 ## - SYSTEM CONTROL NUMBER
System control number (OCoLC)19684988
040 ## - CATALOGING SOURCE
Original cataloging agency DLC
Transcribing agency WaU
Modifying agency WU
-- DLC
050 00 - LIBRARY OF CONGRESS CALL NUMBER
Classification number HQ10
Item number .A585
100 1# - MAIN ENTRY--PERSONAL NAME
Personal name Anant, Ashfaque Ahemed,
Dates associated with a name 1919-
245 10 - TITLE STATEMENT
Title Niyojita parivāra:
Remainder of title sukha kā ādhā ra. /
Statement of responsibility, etc. [lekhka] Ashfaque Ahamada.
250 ## - EDITION STATEMENT
Edition statement [1. saṃskaran̄a]
260 ## - PUBLICATION, DISTRIBUTION, ETC.
Place of publication, distribution, etc. Dillī :
Name of publisher, distributor, etc. Subodha Prakāshana,
Date of publication, distribution, etc. [1964]
300 ## - PHYSICAL DESCRIPTION
Extent 134 p.
Dimensions 19 cm.
500 ## - GENERAL NOTE
General note In Hindi.
650 #0 - SUBJECT ADDED ENTRY--TOPICAL TERM
Topical term or geographic name entry element Family life education.

No items available.

Powered by Koha